|
|
|
|
| LEADER |
01290nam a2200301 a 4500 |
| 001 |
3314059 |
| 008 |
090712m19851992nyua b 001 0 eng d |
| 010 |
|
|
|a 84012626
|
| 020 |
|
|
|a 0071217003
|
| 020 |
|
|
|a 0070367051 (pbk. : v. 2) :
|c $9.95
|
| 020 |
|
|
|z 0070367043 (v. 1)
|
| 040 |
|
|
|a DLC
|c DLC
|d DLC
|
| 082 |
0 |
0 |
|a 820/.09
|2 19
|
| 100 |
1 |
|
|a Lawrence, Karen,
|d 1949-
|
| 245 |
1 |
4 |
|a The McGraw-Hill guide to English literature /
|c Karen Lawrence, Betsy Seifter, and Lois Ratner.
|
| 260 |
|
|
|a New York :
|b McGraw-Hill,
|c c1985-
|
| 300 |
|
|
|a v. <2 > :
|b ill. ;
|c 23 cm.
|
| 500 |
|
|
|a "McGraw-Hill paperbacks"--V. 2, cover.
|
| 504 |
|
|
|a Includes bibliographies and index.
|
| 541 |
1 |
|
|e 00016607
|
| 505 |
1 |
|
|a -- v. 2. William Blake to D.H. Lawrence.
|
| 650 |
|
0 |
|a English literature
|x Study and teaching.
|
| 700 |
1 |
|
|a Seifter, Betsy.
|
| 700 |
1 |
|
|a Ratner, Lois.
|
| 852 |
4 |
|
|a Ayesha Abed Library
|j General Shelf.
|
| 999 |
|
|
|c 2294
|d 2294
|
| 952 |
|
|
|0 0
|1 4
|2 ddc
|4 0
|6 820_090000000000000_LAW
|7 0
|9 2118
|a BRACUL
|b BRACUL
|c GEN
|d 2009-07-12
|g 1785.00
|l 0
|o 820.09 LAW
|p 3010016607
|r 2009-07-12
|t 1
|w 2009-07-12
|y BK
|x Koha Inventory 2020
|
| 952 |
|
|
|0 0
|1 0
|2 ddc
|4 1
|6 820_000000000000000__09_LAW
|7 0
|9 22572
|a BRACUL
|b BRACUL
|c SPS
|d 2013-05-30
|l 5
|m 13
|o 820.09 LAW
|p 3010009380
|r 2017-12-11
|s 2017-11-13
|t 2
|w 2013-05-30
|y BK
|